Cities performed in by Taylor Swift on the Eras Tour - Statistics

General Stats
  • This quiz has been taken 40 times
  • The average score is 36 of 53
Answer Stats
Dates Answer % Correct
06/21-23 London
96%
08/15-17 London
96%
05/09-12 Paris
96%
10/18-20 Miami
91%
02/07-10 Tokyo
87%
11/14-16 Toronto
87%
11/21-23 Toronto
87%
06/28-30 Dublin
83%
08/03-09 Los Angeles
83%
05/30 Madrid
83%
07/13-14 Milan
83%
12/06-08 Vancouver
83%
07/04-06 Amsterdam
78%
06/02-04 Chicago
78%
11/01-03 Indianapolis
78%
02/16-18 Melbourne
78%
02/23-26 Sydney
78%
03/24-25 Las Vegas
74%
10/25-27 New Orleans
74%
05/17-19 Stockholm
74%
04/21-23 Houston
70%
07/07-08 Kansas City
70%
05/24-25 Lisbon
70%
08/24-27 Mexico City
70%
05/05-07 Nashville
70%
11/17-19 Rio de Janeiro
70%
08/08-10 Vienna
70%
08/01-03 Warsaw
70%
04/28-30 Atlanta
65%
06/02-03 Lyon
65%
11/24-26 Sao Paulo
65%
07/22-23 Seattle
65%
03/02-09 Singapore
65%
11/09-11 Buenos Aires
61%
06/30-07/01 Cincinnati
61%
06/07-09 Edinburgh
61%
03/17-18 Glendale
61%
07/23-24 Hamburg
61%
06/23-24 Minneapolis
61%
07/27-28 Munich
61%
07/14-15 Denver
57%
04/13-15 Tampa
57%
06/18 Cardiff
52%
07/17-19 Gelsenkirchen
52%
06/13-15 Liverpool
52%
05/12-14 Philadelphia
52%
06/16-17 Pittsburgh
52%
07/09-10 Zurich
52%
03/31-04/02 Arlington
48%
06/09-10 Detroit
48%
05/26-28 East Rutherford
39%
05/19-21 Foxborough
39%
07/28-29 Santa Clara
39%
No matching quizzes found
Score Distribution
Percent of People with Each Score
Percentile by Number Answered
Your Score History
You have not taken this quiz